| 000 | 00548ntaaa2200205 4500 | ||
|---|---|---|---|
| 003 | 01 | ||
| 005 | 20251027201610.0 | ||
| 008 | 0714s1973 ag 01 | ||
| 020 | _a9977904561 | ||
| 040 |
_aAR-BaBN _bspa _cAR-BaBN _eaacr _dRIC |
||
| 082 | _a230.0460 T26r | ||
| 100 |
_aRatzinger, Joseph _914615 |
||
| 245 | _aTeologia de la liberacion; documentos sobre una polemica | ||
| 250 | _a4 ed. | ||
| 260 |
_aSan Jose : _bDEI, _c1987 |
||
| 300 |
_a117 p. ; _c21 cm. |
||
| 500 | _a(Cuadernos; no. 9) | ||
| 650 | _aTeología de la Liberación | ||
| 942 | _cBK | ||
| 999 |
_c10592 _d10592 |
||